000 00782nam a2200241 a 4500
005 20231110063612.0
008 991125c1979 san 000 0 eng u
020 _a0471486755
035 _aUPN01000036185
049 _aCG
050 4 _aHD30.25
_bZ8.4
100 1 _aZuwaylif, Fadil H.,
_d1932-
245 1 0 _aManagement science an introduction /
_cFadil H. Zuwaylif, Paul Baum, Gerald D. Smith.
260 _aSanta Barbara, E.U.A. :
_bJ. Wiley,
_c1979.
300 _a410 p.
500 _a"A Wiley / Hamilton Publications"
650 4 _aADMINISTRACION -
_vMODELOS MATEMATICOS
_9427
650 4 _aMATEMATICAS COMERCIALES
_925657
650 4 _aInvestigación operativa
_921138
700 1 _aBaum, Paul,
_ecoaut.
700 1 _aSmith, Gerald D.,
_d1939- ,
_ecoaut.
905 _aLibro
999 _c36185
_d36185